El impresionismo /

Salvato in:
Dettagli Bibliografici
Autore principale: Francia, Peter de (autor)
Natura: Libro
Lingua:spagnolo
Pubblicazione: México : Hermes, 1957, c1957
Serie:(Tiempo y Color. Tendencias de la Pintura Moderna ; 1)
Soggetti:
Tags: Aggiungi Tag
Nessun Tag, puoi essere il primo ad aggiungerne!!

MARC

LEADER 00000nam^a2200000^a^4500
001 000184855
005 20250526000000.0
009 20260310102130.358
037 |a Acervo ITESO - Biblioteca 
041 |a ESP 
082 |a 759.  |b TIE S. 1 V. 1 
100 |a Francia, Peter de  |e (autor) 
245 1 3 |a El impresionismo /  |c P. de Francia ; tr. por Matilde Z. Horne. 
264 4 |a México :  |b Hermes,  |c 1957, c1957 
300 |a 15 p., 24 láminas ;  |c 18.5 cm. 
336 |a texto  |b txt  |2 rdacontenido 
337 |a sin mediación  |b n  |2 rdamedio 
338 |a volumen  |b nc  |2 rdasoporte 
440 1 |a (Tiempo y Color.  |p Tendencias de la Pintura Moderna ;  |v 1) 
649 |a XX 
650 |a Impresionismo -  |x Tema Principal 
650 |a Impresionismo -  |x Historia y Crítica 
650 |a Pintura Moderna -  |x Historia y Crítica 
650 |a Arte Moderno -  |x Historia y Crítica 
650 |a Arte -  |x Historia y Crítica 
910 |a Fondo Julio de la Peña Lomelín 
920 |a Impresos - Libros 
930 |a Libros Antiguos y Raros 
940 |a Arquitectos Jaliscienses 
905 |a 108 
901 |a 0500125845  |b IT2  |c LRA  |u 20250526 
902 |a https://opac.biblio.iteso.mx/vufind/Record/000184855